LDR 00898naa#a2200205#i#450# 001 RU\\bibl\119899 005 20260516092749.6 011 ## _a2500-4026 100 ## _a20190630b2019####ek#y0rusy0150####ca 101 0# _aRUS 102 ## _aRU 200 1# _aДИФФУЗИЯ ПРОДУКТОВ ГОРЕНИЯ В ПОЛИМЕРНЫХ ТЕПЛОИЗОЛЯЦИОННЫХ МАТЕРИАЛАХ НА ПОЖАРЕ _eЖурнальная статья 210 1# _aЖелезногорск _cФГБОУ ВО Сибирская пожарно-спасательная академия ГПС МЧС России _d2019 215 ## _a3 с. 608 ## _aЖурнальная статья _2local 675 ## _aХарактер пожара, причины, процесс. 614.841 _zRUS 700 #1 _aКузьмин _gА А 700 #1 _aРоманов _gН Н 700 #1 _aПермяков _gА А 856 4# _avestnik-sibpsa.editorum.ru _u